General Knowledge - Statistics

General Stats
  • This quiz has been taken 42 times
  • The average score is 11 of 15
Answer Stats
Question Answer % Correct
What is the capital of Germany? Berlin
100%
What is the name of the biggest country in the world? Russia
98%
What country has the largest population? China
93%
Is Greenland an independent Country? No
93%
Is the Sun a Star? Yes
93%
What is the smallest country in the World? Vatican City
88%
What is the name of the eighth planet from the Sun? Neptune
83%
How many countries are there enclaves inside Italy? 2
80%
What island is sometimes called the ‘Emerald isle’? Ireland
78%
What is the Worlds only superpower? USA
78%
What is the national animal of Scotland? Unicorn
61%
How many Countries are there in the World? 196
59%
What is the population of the World? 7.5 Billion
49%
Where are Bagels originally from? Poland
24%
What is NASA a abriviation of? National Aeronautics and Space Administration
12%
No matching quizzes found
Score Distribution
Percent of People with Each Score
Percentile by Number Answered
Your Score History
You have not taken this quiz